|
|
|
|
| LEADER |
00000nam a22000007a 4500 |
| 005 |
20210520231142.0 |
| 007 |
cr|||| |||| |
| 008 |
210520s2021 es |||||s|||| 00||0 spa d |
| 020 |
|
|
|a 978-84-1377-119-9
|
| 035 |
|
|
|a 33720
|
| 040 |
|
|
|a vLex
|
| 090 |
|
|
|c 11755
|d 11755
|
| 100 |
1 |
|
|a Sandoval Parra, Victoria
|
| 245 |
1 |
0 |
|a Sedicin̤, rebelin̤ y quimera en la historia jurd̕ica de Europa
|h [Recurso electrn̤ico] /
|c Victoria Sandoval Parra, Enrique ℓlvarez Cora
|
| 256 |
|
|
|a Servicio en ln̕ea
|
| 260 |
|
|
|a Madrid:
|b Dykinson,
|c 2021
|
| 300 |
|
|
|a 1 recurso electrn̤ico
|
| 500 |
|
|
|a Histr̤icamente, los sistemas jurd̕ico-polt̕icos europeos y, por extensin̤, americanos, han tenido que experimentar agitaciones de violencia y contrapoder, y se han protegido mediante respuestas legislativas, gubernativas o judiciales, as ̕como han articulado medidas de prevencin̤ junto a las de represin̤. Toda sociedad vertebrada ha sentido el impulso de un trastrueque, de una inversin̤ axiolg̤ica o de un estallido de descomposicin̤, condicionado o utp̤ico. Cabe entonces aproximarse con interš a las formas de legitimacin̤ y consumacin̤ de los terremotos sociopolt̕icos que perseveran en la conservacin̤ o en la mutacin̤ de determinadas formas jurd̕icas, y sobre todo tratar de comprender cul̀ ha sido el razonamiento o el anl̀isis desarrollado sobre la cuestin̤ por la literatura polt̕ica y jurd̕ica en su sentido ms̀ amplio, adems̀ de la polt̕ica de control criminal o administrativo, y de la eficacia o frustracin̤ bien definitiva, bien temporal, tanto de los instrumentos de orden cuanto de los amagos y arrebatos de desorden, sin caer en el olvido de la construccin̤ de las ideas que, amparadas en la certidumbre o en la tergiversacin̤, se elaboran al servicio de afectos y desafectos.
|
| 506 |
1 |
|
|a Disponible solo en los productos indicados
|d vLex Global
|d vLex Global (Academic Edition, excluding Law Schools)
|d vLex Global (U.S. Academic Edition, Law Schools)
|d vLex Global (U.S. Academic Edition, excluding Law Schools)
|d vLex Global (Academic Edition, Law Schools)
|
| 650 |
0 |
4 |
|a Derecho Militar
|z Espaą
|
| 700 |
1 |
|
|a ℓlvarez Cora, Enrique
|
| 740 |
0 |
|
|a vLex Libros (Servicio en ln̕ea)
|
| 856 |
4 |
0 |
|u https://vlex.com/source/sedicion-rebelion-y-quimera-en-la-historia-juridica-de-europa-33720
|z Acceso restringido
|
| 942 |
|
|
|c BOOK
|
| 999 |
0 |
|
|a Military Law
|